000 00675nam a2200241Ia 4500
003 OSt
005 20220925235030.0
006 a|||||r|||| 00| 0
007 ta
008 220923b |||||||| |||| 00| 0 eng d
020 _a8180691748
037 _cGeneral Book
040 _aRTL
_cRTL
_beng
041 _2eng
_aeng
082 _aU8:(G:5).2.P, P5
100 _aBhattacharya A K
_981835
245 0 _aEcotourism and livelihoods
260 _a New Delhi
_bConcept Publications India
_c2005
300 _ax;200p
_ccm.
650 _aTravel - Ecology
_9300925
942 _hU8:(G:5).2.P, P5
_cGB
_2CC
999 _c596666
_d596666